Por un tiempo de arraigo
I tiakina i:
| Kaituhi matua: | |
|---|---|
| Ētahi atu kaituhi: | |
| Hōputu: | Pukapuka |
| Reo: | Pāniora |
| I whakaputaina: |
Santiago
LOM
1998
|
| Rangatū: | Colección Entre Mares
|
| Ngā marau: | |
| Ngā Tūtohu: |
Tāpirihia he Tūtohu
Kāore He Tūtohu, Me noho koe te mea tuatahi ki te tūtohu i tēnei pūkete!
|
MARC
| LEADER | 00000nam a2200000 a 4500 | ||
|---|---|---|---|
| 001 | UCP3874 | ||
| 003 | CL-VaPUC | ||
| 008 | 990709e19980000CL |||||||||||||||||spa|d | ||
| 082 | 0 | 4 | |a Ch861 |b TEI |2 21 |
| 100 | |a Teillier, Jorge, |d 1935-1996 |e author |9 326721 | ||
| 700 | |a Quezada, Jaime |e autor |e compilador |9 431252 | ||
| 245 | 1 | 0 | |a Por un tiempo de arraigo |
| 300 | |a 149 p | ||
| 942 | |c BK | ||
| 945 | |d 19990709 00:00:00 |a rbrito | ||
| 260 | |a Santiago |b LOM |c 1998 | ||
| 650 | 0 | |a Poesías chilenas |9 265280 | |
| 650 | 7 | |a CORRESPONDENCIAS |2 CL-VaPUC |9 256500 | |
| 650 | 0 | |a Crítica literaria |9 269189 | |
| 583 | |a last modification |c 19990709 00:00:00 |k Rodrigo Vera | ||
| 490 | 0 | |a Colección Entre Mares | |
| 999 | |c 282021 |d 282019 | ||
| 952 | |0 0 |1 0 |4 0 |6 CH_861_000000000000000_TEI_1998 |7 0 |8 A |9 323243 |a BIBEDU |b BIBEDU |c ES_NOD |d 2019-11-20 |i 353765K |o Ch861 TEI 1998 |p 353765K |r 2023-08-09 |w 2019-11-20 |y BK |k LIT | ||
| 952 | |0 0 |1 0 |4 0 |6 CH_861_000000000000000_TEI_1998 |7 0 |8 A |9 323244 |a BIBEDU |b BIBEDU |c ES_NOD |d 2019-11-20 |i 357685K |l 2 |o Ch861 TEI 1998 |p 357685K |r 2024-12-04 |s 2024-12-04 |w 2019-11-20 |y BK |k LIT | ||
| 952 | |0 0 |1 0 |4 0 |6 CH_861_000000000000000_TEI_1998 |7 0 |8 A |9 323245 |a BIBEDU |b BIBEDU |c ES_NOD |d 2019-11-20 |i 3637824 |o Ch861 TEI 1998 |p 3637824 |r 2023-08-09 |w 2019-11-20 |y BK |k LIT | ||